000
00298nam a22001217a 4500
003
SGT
082
_a
618.2
_b
U12M
100
_a
MALIK,SONIA
245
_a
UNDERSTANDING MALE INFERTILITY GLOBAL PRACTICES AND INDIAN PERSPECTIVE
250
_a
1ST
260
_a
INDIA
_b
ELSEVIER
_c
2012
942
_2
ddc
_c
BK
999
_c
14031
_d
14031